000 00186nam a22000737a 4500
999 _c23959
_d23959
003 Nust
005 20170303132502.0
008 140429b xxu||||| |||| 00| 0 eng d
020 _a8120309847
040 _aDLC
_bDLC
_cRCMS
082 _24th Ed.
_a621.382ROD
100 _aRoddy, Dennis
245 _aElectronic Communications
250 _a4th,ed.
260 _aNew Delhi (India)
_bPrentice-Hall
_cc2005
300 _aix,820,p:
_bill:
_c26,cm.
650 _aElectronic Communications
856 _3Table of Content only
942 _2ddc
_cBK